ARRUPE JESUIT UNIVERSITY

CORONAVIRUS -STOP THE SPREAD - CLEAN,DISINFECT,COVER

Collins English-Portuguese, Português-Inglês dictionary / (Record no. 125572)

MARC details
000 -LEADER
fixed length control field 01373cam a2200373 a 4500
001 - CONTROL NUMBER
control field 12736003
003 - CONTROL NUMBER IDENTIFIER
control field ARRUPE
005 - DATE AND TIME OF LATEST TRANSACTION
control field 20161025095545.0
008 - FIXED-LENGTH DATA ELEMENTS--GENERAL INFORMATION
fixed length control field 020410s2001 bl d 000 0 eng
010 ## - LIBRARY OF CONGRESS CONTROL NUMBER
LC control number 2002279711
020 ## - INTERNATIONAL STANDARD BOOK NUMBER
International Standard Book Number 0060936940
020 ## - INTERNATIONAL STANDARD BOOK NUMBER
International Standard Book Number 0004724194
020 ## - INTERNATIONAL STANDARD BOOK NUMBER
International Standard Book Number 0004724151
040 ## - CATALOGING SOURCE
Original cataloging agency DLC
Transcribing agency DLC
Modifying agency DLC
041 0# - LANGUAGE CODE
Language code of text/sound track or separate title engpor
050 00 - LIBRARY OF CONGRESS CALL NUMBER
Classification number PC5333
Item number .W45 2001
082 00 - DEWEY DECIMAL CLASSIFICATION NUMBER
Classification number 469.3/21
Edition number 21
300 ## - PHYSICAL DESCRIPTION
Dimensions 20 cm.
100 1# - MAIN ENTRY--PERSONAL NAME
Personal name John Whitlam
9 (RLIN) 26959
245 10 - TITLE STATEMENT
Title Collins English-Portuguese, Português-Inglês dictionary /
Statement of responsibility, etc John Whitlam, Vitoria Davies, Mike Harland.
246 14 - VARYING FORM OF TITLE
Title proper/short title Harper Collins Portuguese concise dictionary
246 18 - VARYING FORM OF TITLE
Title proper/short title Portuguese concise dictionary
250 ## - EDITION STATEMENT
Edition statement 4th ed.
260 ## - PUBLICATION, DISTRIBUTION, ETC. (IMPRINT)
Place of publication, distribution, etc Glasgow ;
Name of publisher, distributor, etc Haper Collins,
Date of publication, distribution, etc 2010.
300 ## - PHYSICAL DESCRIPTION
Extent xx, 777 p. ;
650 #0 - SUBJECT ADDED ENTRY--TOPICAL TERM
Topical term or geographic name as entry element English language
Form subdivision Dictionaries
General subdivision Portuguese.
9 (RLIN) 26960
650 #0 - SUBJECT ADDED ENTRY--TOPICAL TERM
Topical term or geographic name as entry element Portuguese language
Form subdivision Dictionaries
General subdivision .English
9 (RLIN) 26961
700 1# - ADDED ENTRY--PERSONAL NAME
Personal name Davies, Vitoria.
9 (RLIN) 26962
700 1# - ADDED ENTRY--PERSONAL NAME
Personal name Harland, Mike,
Dates associated with a name 1949-
9 (RLIN) 26963
700 1# - ADDED ENTRY--PERSONAL NAME
Personal name Whitlam, John.
Title of a work Collins Portuguese dictionary.
9 (RLIN) 26964
856 42 - ELECTRONIC LOCATION AND ACCESS
Materials specified Publisher description
Uniform Resource Identifier <a href="http://www.loc.gov/catdir/description/hc041/2002279711.html">http://www.loc.gov/catdir/description/hc041/2002279711.html</a>
906 ## - LOCAL DATA ELEMENT F, LDF (RLIN)
a 7
b cbc
c origcop
d 2
e ncip
f 20
g y-gencatlg
942 ## - ADDED ENTRY ELEMENTS (KOHA)
Source of classification or shelving scheme Library of Congress Classification
Koha item type REFERENCE
Holdings
Withdrawn status Lost status Source of classification or shelving scheme Damaged status Not for loan Collection code Home library Current library Shelving location Date acquired Total Checkouts Full call number Barcode Date last seen Price effective from Koha item type
    Library of Congress Classification     REFERENCE ARRUPE LIBRARY ARRUPE LIBRARY Reference 25/10/2016   REF PC5333 .C712 2010 46500010515 25/10/2016 25/10/2016 REFERENCE

 

Arrupe Library. PO Box MP320 Mt Pleasant, Harare, Zimbabwe
263 242 745411|librarian@aju.ac.zw